|
|
|
|
| LEADER |
00000nam0a2200000 4500 |
| 001 |
291085 |
| 005 |
20231102000343.0 |
| 010 |
|
|
|a 9785943879685
|
| 035 |
|
|
|a (RuTPU)RU\TPU\book\315647
|
| 035 |
|
|
|a RU\TPU\book\203523
|
| 035 |
|
|
|a RU\TPU\book\300536
|
| 090 |
|
|
|a 291085
|
| 100 |
|
|
|a 20141201d2015 m y0rusy5002 ca
|
| 101 |
0 |
|
|a rus
|
| 102 |
|
|
|a RU
|
| 105 |
|
|
|a a j 001zy
|
| 200 |
1 |
|
|a AutoCAD 2015: официальная русская версия
|e эффективный самоучитель
|f Н. В. Жарков
|
| 210 |
|
|
|a Санкт-Петербург
|c Наука и техника
|d 2015
|
| 215 |
|
|
|a 621 с.
|c ил.
|
| 225 |
1 |
|
|a Просто о сложном
|
| 320 |
|
|
|a Библиогр.: с. 621.
|
| 330 |
|
|
|a В книге подробно описаны все стадии работы от начальной настройки параметров чертежа, выполнения построений и их редактирования до нанесения размеров и штриховок, вывода чертежа на печать. По ходу изложения даются рекомендации и описываются средства по улучшению качества и скорости выполнения чертежей. Рассматриваются специальные возможности и технологии AutoCAD 2015, включая параметрическое проектирование. В конце каждой темы приводятся практические упражнения и примеры. Даются наглядные методики использования различных инструментов для решения конкретных задач: вы по шагам разбираете построение различных объектов и смотрите, как и какие инструменты для этого используются. Все это делает книгу незаменимой для самостоятельного изучения AutoCAD 2015 и позволяет добиться наилучшего результата в понимании материала и освоении программы. Завершает книгу удобный справочник команд.Книга написана доступным и ясным языком. Имеет четкую и удобную структуру. Лучший выбор для всех, кто хочет научиться работать с AutoCAD 2015.
|
| 606 |
1 |
|
|a Система AutoCAD
|2 stltpush
|3 (RuTPU)RU\TPU\subj\54947
|9 73020
|
| 610 |
1 |
|
|a системы автоматизированного проектирования технологических процессов
|
| 610 |
1 |
|
|a САПР
|
| 610 |
1 |
|
|a AutoCAD 2015
|
| 610 |
1 |
|
|a интерфейс
|
| 610 |
1 |
|
|a чертежи
|
| 610 |
1 |
|
|a объекты-примитивы
|
| 610 |
1 |
|
|a сложные объекты
|
| 610 |
1 |
|
|a геометрические фигуры
|
| 610 |
1 |
|
|a полилинии
|
| 610 |
1 |
|
|a сплайны
|
| 610 |
1 |
|
|a мультилинии
|
| 610 |
1 |
|
|a составные фигуры
|
| 610 |
1 |
|
|a эскизное рисование
|
| 610 |
1 |
|
|a шаблоны
|
| 610 |
1 |
|
|a тексты
|
| 610 |
1 |
|
|a размеры
|
| 610 |
1 |
|
|a растровые изображения
|
| 610 |
1 |
|
|a изометрическое черчение
|
| 610 |
1 |
|
|a трехмерное проектирование
|
| 610 |
1 |
|
|a твердотельное моделирование
|
| 610 |
1 |
|
|a самоучители
|
| 675 |
|
|
|a 004.896:004.4(075.4)
|v 4
|
| 700 |
|
1 |
|a Жарков
|b Н. В.
|4 070
|
| 801 |
|
1 |
|a RU
|b 63413507
|c 20150410
|
| 801 |
|
2 |
|a RU
|b 63413507
|c 20151021
|g RCR
|
| 900 |
|
|
|a Языки программирования
|
| 900 |
|
|
|a Основы автоматизации проектирования
|
| 900 |
|
|
|a Системы автоматизированного проектирования
|
| 900 |
|
|
|a Инженерная графика
|
| 942 |
|
|
|c BK
|
| 959 |
|
|
|a 40/20150410
|d 1
|e 529,00
|f ЧЗТЛ:1
|
| 959 |
|
|
|a 96/20150814
|d 3
|e 582,00
|f УФ:3
|